000 01579nam0a2200373 4500
001 RU\NLR\bibl\952193
005 20260507154209.0
010 _a5-02-035135-0
_91500
021 _aRU
_b2006-25501
_91273
035 _a(NLR Aleph) 000940287
090 _a215490
_c215490
100 _a20060522d2006 u y0rusy50 ca
101 0 _arus
_deng
_erus
_eeng
102 _aRU
105 _aa |||||||||
200 1 _aКонституционный аудит
_dConstitutional audit
_fС.И. Степашин
_gРос. акад. наук, Ин-т соц.-полит. исслед., Счет. палата Рос. Федерации, Гос. НИИ систем. анализа
210 _aМосква
_cНаука
_d2006
215 _a814, [1] с.
_cил., цв. ил.
_d25
225 1 _aЭкономика и социология знаний
300 _aАвт. также на англ. яз.: S.V. Stepashin
300 _aНа 4-й с. обл. авт. - д.ю.н., проф.
300 _aРез. на англ. яз.
320 _aБиблиогр.: с. 540-559
320 _aИмен. указ.: с. 808-811
510 0 _aConstitutional audit
_zeng
606 1 _aКонституционный надзор
_yРоссийская Федерация
_92197741
_3RU\NLR\auth\661320805
686 _aХ620.14
700 1 _4070
_7ca
_8rus
_aСтепашин
_bС. В.
_f1952-
_gСергей Вадимович
_952931
_3RU\NLR\AUTH\7770003
801 0 _aRU
_bNLR
_c20060522
_grcr
801 1 _aRU
_bNLR
_c20060522
942 _cBOOK
980 _aNB